| 000 | 00483nam a2200169 i 4500 | ||
|---|---|---|---|
| 001 | 20837 | ||
| 003 | ES-MaACL | ||
| 005 | 20230906152355.0 | ||
| 007 | t| | ||
| 008 | 021119s1971 sp ||||1| spa d | ||
| 100 | 1 |
_aAdolph, Max. _918459 |
|
| 245 | 1 | 0 |
_aTurbomáquinas / _cpor Max Adolph ; traducido por Claudio Mataix. |
| 260 |
_aMadrid : _bEAPSA, _c[1971] |
||
| 300 |
_aXII, 372 p. : _bil. ; _c25 cm. |
||
| 700 | 1 |
_aMataix, Claudio. _978908 |
|
| 852 |
_aES-MaACL _jC-37752 _bR.76311 |
||
| 999 |
_c20837 _d20837 |
||